| 000 | 00950nam0a22002291 4500 | ||
|---|---|---|---|
| 001 | rc\2914858 | ||
| 005 | 20250529223252.0 | ||
| 035 | _a(NLR Aleph) 007065351 | ||
| 090 |
_a6327102 _c6327102 |
||
| 100 | _a20080110d1934 |||y0rusy50 ca | ||
| 101 | 0 | _arus | |
| 102 | _aRU | ||
| 105 | _ay z ||||y | ||
| 200 | 1 |
_aЗадачи политотделов в перевыборной кампании _fПолитсектор МТС и совхозов НКЗ-СССР Курск. обл. |
|
| 210 |
_aКурск _cПолитсектор МТС и совхозов НКЗ-СССР Курск. обл. _d1934 _eОрел _gтипо-литогр. "Труд" |
||
| 215 |
_aОбл., 16 с., без т. л. _d19х14 см |
||
| 710 | 0 | 2 |
_aКурское областное земельное управление _bПолитический сектор |
| 801 | 0 |
_aRU _bNLR _gpsbo |
|
| 801 | 1 |
_aRU _bELAR _2rusmarc |
|
| 852 |
_aNLR _j34-9/6414 |
||
| 942 | _cBOOK | ||
| 980 | _aNB | ||